Welcome to CU Library Online Public Access Catalogue (OPAC)

Strategic performance management : (Record no. 6079)

MARC details
000 -LEADER
fixed length control field 01054cam a2200265 a 4500
001 - CONTROL NUMBER
control field 14432296
005 - DATE AND TIME OF LATEST TRANSACTION
control field 20250530162541.0
008 - FIXED-LENGTH DATA ELEMENTS--GENERAL INFORMATION
fixed length control field 060629s2007 enka b 001 0 eng
020 ## - INTERNATIONAL STANDARD BOOK NUMBER
International Standard Book Number 9781403998842 (pbk.)
020 ## - INTERNATIONAL STANDARD BOOK NUMBER
International Standard Book Number 1403998841
050 00 - LIBRARY OF CONGRESS CALL NUMBER
Classification number HD58.9
Item number .D43 2007
082 00 - DEWEY DECIMAL CLASSIFICATION NUMBER
Classification number 658.4/012
Edition information 22
100 1# - MAIN ENTRY--PERSONAL NAME
Personal name Waal, André de.
245 10 - TITLE STATEMENT
Title Strategic performance management :
Remainder of title a managerial and behavioural approach /
Statement of responsibility, etc. André de Waal.
260 ## - PUBLICATION, DISTRIBUTION, ETC.
Place of publication, distribution, etc. Basingstoke [England] ;
-- New York :
Name of publisher, distributor, etc. Palgrave Macmillan,
Date of publication, distribution, etc. 2007.
300 ## - PHYSICAL DESCRIPTION
Extent xv, 414 p. :
Other physical details ill. ;
Dimensions 24 cm.
650 #0 - SUBJECT ADDED ENTRY--TOPICAL TERM
Topical term or geographic name entry element Organizational effectiveness.
650 #0 - SUBJECT ADDED ENTRY--TOPICAL TERM
Topical term or geographic name entry element Strategic planning.
650 #0 - SUBJECT ADDED ENTRY--TOPICAL TERM
Topical term or geographic name entry element Performance.
650 #0 - SUBJECT ADDED ENTRY--TOPICAL TERM
Topical term or geographic name entry element Industrial management.
856 42 - ELECTRONIC LOCATION AND ACCESS
Materials specified Contributor biographical information
Uniform Resource Identifier <a href="http://www.loc.gov/catdir/enhancements/fy0662/2006049386-b.html">http://www.loc.gov/catdir/enhancements/fy0662/2006049386-b.html</a>
856 42 - ELECTRONIC LOCATION AND ACCESS
Materials specified Publisher description
Uniform Resource Identifier <a href="http://www.loc.gov/catdir/enhancements/fy0662/2006049386-d.html">http://www.loc.gov/catdir/enhancements/fy0662/2006049386-d.html</a>
856 41 - ELECTRONIC LOCATION AND ACCESS
Materials specified Table of contents only
Uniform Resource Identifier <a href="http://www.loc.gov/catdir/enhancements/fy0662/2006049386-t.html">http://www.loc.gov/catdir/enhancements/fy0662/2006049386-t.html</a>
942 ## - ADDED ENTRY ELEMENTS (KOHA)
Source of classification or shelving scheme Library of Congress Classification
Koha item type Books
Suppress in OPAC No
999 ## -
-- 6079
-- 6079
Holdings
Withdrawn status Lost status Source of classification or shelving scheme Damaged status Not for loan Collection Home library Current library Shelving location Date acquired Total checkouts Full call number Barcode Date last seen Copy number Price effective from Koha item type
    Library of Congress Classification     Non-fiction Graduate Library (Christ Temple) Graduate Library (Christ Temple) General stacks 05/30/2025   HD 58.9.D43 DEW GSCT00001420 05/30/2025 1 05/30/2025 Books
    Library of Congress Classification     Non-fiction Graduate Library (Christ Temple) Graduate Library (Christ Temple) General stacks 05/30/2025   HD 58.9.D43 DEW GSCT00001421 05/30/2025 2 05/30/2025 Books
    Library of Congress Classification     Non-fiction Graduate Library (Christ Temple) Graduate Library (Christ Temple) General stacks 05/30/2025   HD 58.9.D43 DEW GSCT00001422 05/30/2025 3 05/30/2025 Books
    Library of Congress Classification     Non-fiction Graduate Library (Christ Temple) Graduate Library (Christ Temple) General stacks 05/30/2025   HD 58.9.D43 DEW GSCT00001423 05/30/2025 4 05/30/2025 Books
    Library of Congress Classification     Non-fiction Graduate Library (Christ Temple) Graduate Library (Christ Temple) General stacks 05/30/2025   HD 58.9.D43 DEW GSCT00001424 05/30/2025 5 05/30/2025 Books
© 2023-2024 Copyright: Central University Libraries. All Rights Reserved | Created by: Mahone Tech Office